00510 a2200133 4500001000900000005001700009008004100026245011700067100003000184700004100214700003200255773007200287999001700359ART_755020260410161720.0260409a 10aExteriorización de la información contable patrimonial y de gestión del impacto de las industrias pasteras1 aFronti de García, Luisa1 aPahlen Acuña, Ricardo Jose María1 aD´Onofrio, Paula Alejandra0 tContabilidad y auditoríag- Año 13, Nº 26 (dic. 2007)wREV1723 c16895d16895